Handbook on offences and punishments / (Record no. 138486)

MARC details
000 -LEADER
fixed length control field 00585nam a22001937a 4500
005 - DATE AND TIME OF LATEST TRANSACTION
control field 20181205113122.0
010 ## - LCCN (DPL NO)
LC control number ENG-117593
020 ## - INTERNATIONAL STANDARD BOOK NUMBER
International Standard Book Number 9789350359709
Terms of availability 1195.00
035 ## - SYSTEM CONTROL NUMBER
System control number EN-101125
037 ## - SOURCE OF ACQUISITION
Source of stock number/acquisition DABD/PUB
082 ## - DEWEY DECIMAL CLASSIFICATION NUMBER
Classification number 345.025
100 ## - MAIN ENTRY--PERSONAL NAME
Personal name Rashid M.A.
245 ## - TITLE STATEMENT
Title Handbook on offences and punishments /
Statement of responsibility, etc by M.A. Rashid
250 ## - EDITION STATEMENT
Edition statement 4th ed
260 ## - PUBLICATION, DISTRIBUTION, ETC. (IMPRINT)
Place of publication, distribution, etc Gurgaon
Name of publisher, distributor, etc LexisNexis
Date of publication, distribution, etc 2017
270 ## - ADDRESS
Address 14th Floor Building No.10, Tower-B, DLF Cyber City, Phase-II,
City Gurgaon
Postal code 122002
300 ## - PHYSICAL DESCRIPTION
Extent xxi,880p.
Dimensions 24cm(Hb)
942 ## - ADDED ENTRY ELEMENTS (KOHA)
Source of classification or shelving scheme Dewey Decimal Classification
Item type English Books
Classification part 345.025
Call number suffix RAS
Holdings
Withdrawn status Lost status Not for loan Collection code Home library Current library Date acquired Source of acquisition Cost, normal purchase price Full call number Barcode Copy number Cost, replacement price Koha item type
    Not For Loan Non-fiction D.B.Act.Division D.B.Act.Division 27/03/2017 DBAD/PUB 1195.00 345.025 RAS EN-101125 1 1195.00 English Books

© Delhi Public Library
Hit Counter
free hit counter